Photorefractive optics : materials, properties, and applications /
The advances of photorefractive optics have demonstrated many useful and practical applications, which include the development of photorefractive optic devices for computer communication needs. To name a couple significant applications: the large capacity optical memory, which can greatly improve th...
| Other Authors: | , |
|---|---|
| Format: | eBook |
| Language: | English |
| Published: |
San Diego, Calif. ; London :
Academic,
[2000]
|
| Subjects: | |
| Online Access: | Connect to the full text of this electronic book Publisher description |
MARC
| Tag | First Indicator | Second Indicator | Subfields |
|---|---|---|---|
| LEADER | 00000cam a2200000Ia 4500 | ||
| 001 | in00002425673 | ||
| 005 | 20190327171551.0 | ||
| 006 | m d | ||
| 007 | cr cn||||||||| | ||
| 008 | 070802s2000 caua sb 001 0 eng d | ||
| 020 | |a 9780127748108 | ||
| 020 | |a 0127748105 | ||
| 035 | |a (OCoLC)ocn162129039 | ||
| 035 | |a (OCoLC)162129039 | ||
| 037 | |a 81263:81263 |b Elsevier Science & Technology |n http://www.sciencedirect.com | ||
| 040 | |a OPELS |c OPELS |d UtOrBLW | ||
| 049 | |a TEFA | ||
| 050 | 1 | 4 | |a TA1750 |b .P475 2000eb |
| 082 | 0 | 4 | |a 621.36 |2 22 |
| 245 | 0 | 0 | |a Photorefractive optics : |b materials, properties, and applications / |c editors, Francis Yu and Shizhuo Yin. |
| 264 | 1 | |a San Diego, Calif. ; |a London : |b Academic, |c [2000] | |
| 264 | 4 | |c ©2000 | |
| 300 | |a xx, 570 pages : |b illustrations ; |c 24 cm. | ||
| 336 | |a text |b txt |2 rdacontent | ||
| 337 | |a computer |b c |2 rdamedia | ||
| 338 | |a online resource |b cr |2 rdacarrier | ||
| 533 | |a Electronic reproduction. |b Amsterdam : |c Elsevier Science & Technology, |d 2007. |n Mode of access: World Wide Web. |n System requirements: Web browser. |n Title from title screen (viewed on July 25, 2007). |n Access may be restricted to users at subscribing institutions. | ||
| 520 | |a The advances of photorefractive optics have demonstrated many useful and practical applications, which include the development of photorefractive optic devices for computer communication needs. To name a couple significant applications: the large capacity optical memory, which can greatly improve the accessible high-speed CD-ROM and the dynamic photorefractive gratings, which can be used for all-optic switches for high-speed fiber optic networks. This book is an important reference both for technical and non-technical staffs who are interested in this field. * Covers the recent development in materials, phenomena, and applications * Includes growth, characterization, dynamic gratings, and liquid crystal PR effect * Includes applications to photonic devices such as large capacity optical memory, 3-D interconnections, and dynamic holograms * Provides the recent overall picture of current trends in photorefractive optics * Includes optical and electronic properties of the materials as applied to dynamic photorefractive fiber. | ||
| 505 | 0 | |a N.V. Kukhtarev and T. Kukhtarev, Optical and Electrical Properties of High Contrast Dynamic Gratings. S. Erdei, Growth and Characterization of Single-Crystal Photorefractive Fibers. P.A. Yeh, Cross-talk in Photorefractive Hologram Memory. D. Psaltis, Photorefractive Memory. F. Zhao, Spectral and Spatial Diffraction in a Nonlinear Photorefractive Hologram. S. Yin, Z. Wu, and D. McMillen, Specially Doped LiNbO3. K. Itoh, Dyamic Interconnections Using Photorefractive Crystals. P.P. Banerjee, N.V. Kukhtarev, and J.O. Dimmoctz, Nonlinear Self-Organization in Photorefractive Materials. S. Kawata, Three-dimensional Bit-memory Using Photorefractive Materials. A. Chiou, Phase Conjugate Microscopy for Optical Trapping and Image Processing. A. Yang, Three-dimensional Photorefractive Memory Based on Phase-code and Notation Multiplexings. J. Zhang and S. Yin, Dynamic Process of Photorefractive Holograms. F.T.S. Yu and S. Yin, Dynamics of Photorefractive Fiber Holograms and Applications. A.L. Mikaelian, Photorefractive Optics for Information Technology. | |
| 504 | |a Includes bibliographical references and index. | ||
| 500 | |a Electronic resource. | ||
| 650 | 0 | |a Electrooptics |x Materials. | |
| 650 | 0 | |a Nonlinear optics. | |
| 650 | 0 | |a Photorefractive materials. | |
| 655 | 7 | |a Electronic books. |2 local | |
| 700 | 1 | |a Yin, Shizhuo, |d 1963- | |
| 700 | 1 | |a Yu, Francis T. S., |d 1932- | |
| 730 | 0 | |a Referex. | |
| 776 | 1 | |c Original |z 0127748105 |z 9780127748108 |w (DLC) 99065284 |w (OCoLC)42622161 | |
| 856 | 4 | 0 | |u http://proxy.library.tamu.edu/login?url=http://www.sciencedirect.com/science/book/9780127748108 |z Connect to the full text of this electronic book |t 0 |
| 856 | 4 | 2 | |3 Publisher description |u http://www.loc.gov/catdir/description/els033/99065284.html |t 0 |
| 994 | |a C0 |b TEF | ||
| 999 | |a MARS | ||
| 999 | f | f | |s 96d6da73-fefc-3a5f-90dd-9970eeaeaf7e |i 723a21ed-df8b-36f6-bc39-880185ac0f5c |t 0 |
| 952 | f | f | |a Texas A&M University |b College Station |c Electronic Resources |d Available Online |t 0 |e TA1750 .P475 2000eb |h Library of Congress classification |
| 998 | f | f | |a TA1750 .P475 2000eb |t 0 |l Available Online |